Ram Setu (Record no. 369232)
[ view plain ]
| 000 -LEADER | |
|---|---|
| fixed length control field | 01576 a2200157 4500 |
| 003 - CONTROL NUMBER IDENTIFIER | |
| control field | OSt |
| 005 - DATE AND TIME OF LATEST TRANSACTION | |
| control field | 20251211164156.0 |
| 008 - FIXED-LENGTH DATA ELEMENTS--GENERAL INFORMATION | |
| fixed length control field | 251211b |||||||| |||| 00| 0 eng d |
| 020 ## - INTERNATIONAL STANDARD BOOK NUMBER | |
| International Standard Book Number | 9789370031197 |
| 100 ## - MAIN ENTRY--PERSONAL NAME | |
| Personal name | Chatterji A |
| 9 (RLIN) | 215617 |
| 245 ## - TITLE STATEMENT | |
| Title | Ram Setu |
| 260 ## - PUBLICATION, DISTRIBUTION, ETC. (IMPRINT) | |
| Name of publisher, distributor, etc. | Rupa Publication |
| Date of publication, distribution, etc. | 2025 |
| Place of publication, distribution, etc. | Pune |
| 300 ## - PHYSICAL DESCRIPTION | |
| Extent | 272pp. |
| 520 ## - SUMMARY, ETC. | |
| Summary, etc. | A legendary bridge. A timeless mystery. A journey across myth, science and politics. <br/><br/>Stretching like a necklace of sand and coral between India and Sri Lanka, Ram Setu—also called Adam’s Bridge—has captivated humanity for centuries. Revered in the Ramayan as the bridge built by Lord Ram’s army, this ancient formation has been measured, mapped and debated by explorers, scientists, environmentalists and politicians alike. <br/><br/>In Ram Setu: Memoirs of an Enchanted Bridge, Arup K. Chatterjee brings this fabled structure to life, weaving together sacred lore, colonial history, cutting-edge science and the voices of coastal communities who live in its shadow. From colonial cartographers and modern-day archaeologists to fishermen and climate activists, the book explores how this natural wonder has become a battleground of faith, heritage and geopolitics. <br/><br/>Vivid, deeply researched and beautifully written, this is more than the story of a bridge—it is a meditation on identity, belonging, and the fragile bond between nature and belief. Perfect for readers who love history, mythology and environmental storytelling, Ram Setu takes you on an unforgettable journey across sea, story and time. <br/><br/> |
| 942 ## - ADDED ENTRY ELEMENTS (KOHA) | |
| Koha item type | Books |
| Source of classification or shelving scheme | Dewey Decimal Classification |
| Withdrawn status | Lost status | Source of classification or shelving scheme | Damaged status | Not for loan | Collection code | Home library | Current library | Date acquired | Vendor | Cost, normal purchase price | Total Checkouts | Barcode | Date last seen | Date last checked out | Cost, replacement price | Bill Date | Koha item type | Original Barcode |
|---|---|---|---|---|---|---|---|---|---|---|---|---|---|---|---|---|---|---|
| Dewey Decimal Classification | BCA | MKSSS s K.B. Joshi Institute of Information Technology Library | MKSSS s K.B. Joshi Institute of Information Technology Library | 02/12/2025 | 8 | 371.25 | 1 | KBJP-BK-2875 | 14/05/2026 | 13/05/2026 | 495.00 | 02/12/2025 | Books | 2875 |